000
00300nam a22001337a 4500
008
210302b ||||| |||| 00| 0 eng d
020
_a
013041378X
041
_a
eng
080
_2
4th
_a
32
100
_a
21
101
_a
SHP
245
_a
Public Personnel Administration
_c
Hays,W.S
942
_2
udc
_c
BK
999
_c
55515
_d
55515